[Event "62. BEM 2008"]
[Site "Dortmund"]
[Date "2008.03.04"]
[Round "8.15"]
[White "Hlopotov, Oleg"]
[Black "Siwy, Boguslaw"]
[Result "1-0"]
[WhiteElo "1679"]
[BlackElo "1323"]
[PlyCount "61"]
[EventDate "2008.??.??"]
[Source "SG Dortmund"]
[SourceDate "2004.12.16"]

1. e4 e5 2. Nf3 Nc6 3. Nc3 Nf6 4. d4 exd4 5. Nxd4 Bb4 6. Nf5 O-O 7. Bd3 d5 8.
exd5 Qxd5 9. Ne3 Qe5 10. Bd2 Ng4 11. h3 Nxe3 12. fxe3 Qg3+ 13. Kf1 Re8 14. Ne4
Qe5 15. c3 Be7 16. g4 Bh4 17. Qf3 f5 18. Nf2 fxg4 19. hxg4 Rf8 20. Bxh7+ Kxh7
21. Rxh4+ Kg8 22. Rh8+ Kxh8 23. Qxf8+ Kh7 24. Kg2 Qd5+ 25. Kg3 Bxg4 26. Qf4 Bd7
27. e4 Qe6 28. Ng4 Kg8 29. Rf1 Ne7 30. Qg5 Qxe4 31. Nf6+ 1-0

[Event "62. BEM 2008"]
[Site "Dortmund"]
[Date "2008.03.04"]
[Round "8.16"]
[White "Rutmann, Ulrich"]
[Black "Schröder, Thomas"]
[Result "0-1"]
[WhiteElo "1401"]
[BlackElo "1569"]
[PlyCount "54"]
[EventDate "2008.??.??"]
[Source "SG Dortmund"]
[SourceDate "2004.12.16"]

1. e4 c6 2. d4 d5 3. e5 Bf5 4. Nc3 h5 5. Nf3 e6 6. Bd3 Bxd3 7. Qxd3 Nd7 8. Bg5
Ne7 9. a4 f6 10. exf6 gxf6 11. Bh4 Qc7 12. Ne2 Bh6 13. Bg3 e5 14. Qa3 Bf8 15.
b4 O-O-O 16. dxe5 fxe5 17. h4 Nf5 18. Ng5 Re8 19. O-O Be7 20. Qf3 Nxg3 21. Nxg3
e4 22. Qe3 Bxb4 23. Rfb1 Bc5 24. Qc3 e3 25. Ne2 exf2+ 26. Kf1 Qh2 27. Qh3 Qg1+
0-1

[Event "62. BEM 2008"]
[Site "Dortmund"]
[Date "2008.03.04"]
[Round "8.17"]
[White "Stepke, Horst P"]
[Black "Wodzinski, Kristin"]
[Result "1-0"]
[WhiteElo "1608"]
[BlackElo "1212"]
[PlyCount "65"]
[EventDate "2008.??.??"]
[Source "SG Dortmund"]
[SourceDate "2004.12.16"]

1. e4 c5 2. d3 d6 3. g3 g6 4. Bg2 Bg7 5. Ne2 Nc6 6. O-O e6 7. Nbc3 Nge7 8. Rb1
O-O 9. a3 Rb8 10. Be3 b5 11. Qd2 Re8 12. Bh6 Bh8 13. Nd1 d5 14. c3 dxe4 15.
Bxe4 Ne5 16. d4 Bb7 17. Bxb7 Rxb7 18. dxe5 Qxd2 19. Bxd2 Bxe5 20. Ne3 Rd7 21.
Rfd1 Nc6 22. Kf1 Bg7 23. Ng1 Na5 24. b4 cxb4 25. cxb4 Nc4 26. Nxc4 bxc4 27. Be3
Rc7 28. Bc5 a5 29. Rbc1 c3 30. Ne2 axb4 31. axb4 Ra8 32. Nxc3 Ra3 33. Nb5 1-0

[Event "62. BEM 2008"]
[Site "Dortmund"]
[Date "2008.03.04"]
[Round "8.18"]
[White "Gegner, Michael"]
[Black "Rzoczek, Christoph"]
[Result "1-0"]
[WhiteElo "1552"]
[BlackElo "1588"]
[PlyCount "95"]
[EventDate "2008.??.??"]
[Source "SG Dortmund"]
[SourceDate "2004.12.16"]

1. d4 Nf6 2. Nc3 c6 3. e4 e6 4. e5 Nd5 5. Ne4 h6 6. f4 Be7 7. Nf3 O-O 8. c3 a5
9. Bd3 f5 10. exf6 Nxf6 11. Nxf6+ Bxf6 12. Qe2 b6 13. Qe4 d6 14. Qg6 Bd7 15.
Bd2 Be8 16. Qg3 Ra7 17. O-O-O Na6 18. f5 e5 19. Bxh6 e4 20. Bxe4 Re7 21. Bd3
Nc7 22. Bf4 Rd7 23. Ng5 Bf7 24. Qh4 Bxg5 25. Bxg5 Qc8 26. f6 g6 27. Bh6 Nd5 28.
Bg7 Be6 29. Bxf8 Qxf8 30. Rde1 Rh7 31. Qg5 Bf7 32. g4 Qh6 33. Qxh6 Rxh6 34. c4
Nf4 35. Kd2 Rh3 36. Re3 Rh4 37. Rg3 Ne6 38. Kc3 c5 39. d5 Nd4 40. h3 b5 41.
cxb5 Bxd5 42. Re1 Kf7 43. g5 Ne6 44. b3 Rh5 45. Bc4 Bxc4 46. bxc4 Nxg5 47. b6
Rxh3 48. Rxh3 1-0

[Event "62. BEM 2008"]
[Site "Dortmund"]
[Date "2008.03.04"]
[Round "8.19"]
[White "Noori, Mir Ahmad"]
[Black "Ackerhans, Gerd"]
[Result "0-1"]
[WhiteElo "1556"]
[BlackElo "1415"]
[PlyCount "114"]
[EventDate "2008.??.??"]
[Source "SG Dortmund"]
[SourceDate "2004.12.16"]

1. d4 Nf6 2. Nf3 d5 3. e3 e6 4. Be2 c5 5. c3 b6 6. b3 Be7 7. Bb2 O-O 8. O-O
Nbd7 9. Nbd2 Bb7 10. Bd3 cxd4 11. exd4 Rc8 12. Re1 a6 13. a4 a5 14. Rc1 g6 15.
Qe2 Nh5 16. g3 Ng7 17. Ne5 Nxe5 18. Qxe5 Qd6 19. Qe2 Bg5 20. f4 Bf6 21. Nb1
Rfe8 22. Nd2 Qc7 23. Nf3 Be7 24. Rf1 Bd6 25. Ng5 f6 26. Nh3 f5 27. Rc2 h6 28.
Rfc1 Qe7 29. Bb5 Bc6 30. Ba6 Bb7 31. Bxb7 Qxb7 32. c4 Qa6 33. Qe3 Kf7 34. Nf2
Re7 35. Nd3 Rec7 36. c5 Be7 37. Ne5+ Kf6 38. Nd3 Kf7 39. Qd2 b5 40. axb5 Qxb5
41. b4 a4 42. Ra1 Bf6 43. Ra3 Ra7 44. Qe2 Ke7 45. Qd2 g5 46. Qe3 Nh5 47. Bc3
gxf4 48. Nxf4 Nxf4 49. gxf4 Rg8+ 50. Kf2 Bh4+ 51. Kf3 Qf1+ 52. Rf2 Qh1+ 53. Ke2
Bxf2 54. Kxf2 Qxh2+ 55. Kf1 Qh1+ 56. Ke2 Rg2+ 57. Kd3 Qf1+ 0-1

[Event "62. BEM 2008"]
[Site "Dortmund"]
[Date "2008.03.04"]
[Round "8.20"]
[White "Kajtazovic, Ismail"]
[Black "Ezzat, Tarik"]
[Result "1-0"]
[WhiteElo "1525"]
[BlackElo "1506"]
[PlyCount "85"]
[EventDate "2008.??.??"]
[Source "SG Dortmund"]
[SourceDate "2004.12.16"]

1. d4 Nf6 2. c4 d6 3. Nc3 g6 4. e4 Bg7 5. f4 Nc6 6. d5 Nb8 7. Nf3 c6 8. e5 dxe5
9. fxe5 Nfd7 10. e6 fxe6 11. dxe6 Nc5 12. Qxd8+ Kxd8 13. Be2 Nxe6 14. O-O Nd7
15. Ng5 Nxg5 16. Bxg5 Bd4+ 17. Kh1 Nf6 18. Rad1 c5 19. Nb5 h6 20. Bxf6 exf6 21.
Nxd4 cxd4 22. Rxf6 Re8 23. Bf3 Bf5 24. Rd6+ Kc7 25. R6xd4 Rad8 26. Rxd8 Rxd8
27. Rxd8 Kxd8 28. Bxb7 Kc7 29. Bd5 Kd6 30. b4 Bb1 31. a3 Bd3 32. Kg1 h5 33. Kf2
g5 34. Ke3 Bf1 35. Kd4 h4 36. g3 hxg3 37. hxg3 Be2 38. c5+ Kc7 39. Ke5 a6 40.
Kf5 g4 41. Kf4 a5 42. Be6 axb4 43. axb4 1-0

[Event "62. BEM 2008"]
[Site "Dortmund"]
[Date "2008.03.04"]
[Round "8.21"]
[White "Reinacher, Detlev"]
[Black "Hugenroth, Andreas"]
[Result "1-0"]
[WhiteElo "1464"]
[BlackElo "1231"]
[PlyCount "107"]
[EventDate "2008.??.??"]
[Source "SG Dortmund"]
[SourceDate "2004.12.16"]

1. d4 d5 2. c4 Nf6 3. Nc3 dxc4 4. Nf3 e6 5. e3 Nc6 6. Bxc4 Bd6 7. O-O O-O 8. e4
e5 9. d5 Na5 10. Bd3 h6 11. a3 b6 12. b4 Nb7 13. Nb5 a5 14. Nxd6 Nxd6 15. bxa5
Ndxe4 16. axb6 cxb6 17. Bxe4 Nxe4 18. Bb2 f6 19. Re1 Nd6 20. Qb3 Bb7 21. Bc3
Kh8 22. Nh4 Re8 23. Ng6+ Kh7 24. Qc2 Kg8 25. Qb3 Kh7 26. Qc2 e4 27. Nf4 f5 28.
Qb3 b5 29. Ne6 Qd7 30. Nc5 Qf7 31. Nxb7 Qxb7 32. Bb4 Nc4 33. Rad1 Rad8 34. d6
Re6 35. Qh3 g6 36. Rd4 Nxd6 37. Red1 Qc6 38. Qb3 Rf6 39. Qa2 Nb7 40. Rxd8 Nxd8
41. Be7 Nb7 42. Bxf6 Qe8 43. Qd5 Na5 44. Qc5 g5 45. Qa7+ Kg6 46. Qg7+ Kh5 47.
h3 Qc8 48. Bxg5 Qe6 49. Be3 Nc4 50. Kh1 Nxe3 51. fxe3 Kh4 52. Rf1 Qd6 53. Rf4+
Kh5 54. Rxf5+ 1-0

[Event "62. BEM 2008"]
[Site "Dortmund"]
[Date "2008.03.04"]
[Round "8.22"]
[White "Ewers, Christian"]
[Black "Dörre, Niels"]
[Result "1-0"]
[WhiteElo "1668"]
[BlackElo "1590"]
[PlyCount "125"]
[EventDate "2008.??.??"]
[Source "SG Dortmund"]
[SourceDate "2004.12.16"]

1. e4 c6 2. d4 d5 3. e5 c5 4. c3 Nc6 5. Nf3 e6 6. a3 Qb6 7. Be2 Bd7 8. O-O Nh6
9. b4 cxd4 10. cxd4 Nf5 11. Bb2 Be7 12. Kh1 O-O 13. g4 Nh4 14. Nxh4 Bxh4 15.
Qd3 Ne7 16. Nd2 Ng6 17. f4 f5 18. g5 Rac8 19. Nb3 a6 20. Nc5 Bb5 21. Qd2 Bxe2
22. Qxe2 Rfe8 23. Bc1 Qa7 24. Rb1 b6 25. Qxa6 Qxa6 26. Nxa6 Rc4 27. b5 Rxd4 28.
Be3 Ra4 29. Bxb6 Rxa3 30. Nc7 Rb8 31. Bc5 Ra5 32. b6 Rxc5 33. Na6 Rcc8 34. b7
Rxb7 35. Rxb7 Rc4 36. Rb4 Rc2 37. Kg1 h6 38. gxh6 gxh6 39. Nb8 Be7 40. Rb3 Rc4
41. Rbf3 Rc7 42. Kh1 Kf7 43. Rg3 Rb7 44. Na6 Ra7 45. Rfg1 Nxf4 46. Rg7+ Ke8 47.
Rg8+ Kd7 48. Nb8+ Kc7 49. Rc1+ Kb6 50. Nc6 Rb7 51. Rc8 Ka6 52. Ra1+ Kb6 53.
Rb1+ Kc5 54. Nxe7+ Kd4 55. Nc6+ Ke3 56. Rxb7 Nd3 57. Rb3 Kd2 58. Rxd3+ Kxd3 59.
Re8 f4 60. Rxe6 f3 61. Rxh6 f2 62. Rf6 Ke2 63. Kg2 1-0

[Event "62. BEM 2008"]
[Site "Dortmund"]
[Date "2008.03.04"]
[Round "8.23"]
[White "Schrimpl, Michael"]
[Black "Krüger, Inge"]
[Result "1-0"]
[WhiteElo "1390"]
[BlackElo "1375"]
[PlyCount "83"]
[EventDate "2008.??.??"]
[Source "SG Dortmund"]
[SourceDate "2004.12.16"]

1. c4 Nf6 2. Nc3 e6 3. e4 d5 4. e5 Nfd7 5. d4 c5 6. cxd5 exd5 7. Qf3 cxd4 8.
Qxd5 $4 Nb6 $4 9. Qxd8+ Kxd8 10. Ne4 Nc6 11. Nf3 Be6 12. Bg5+ Kc7 13. b3 Bb4+
14. Bd2 Bxd2+ 15. Nexd2 Rac8 16. Rc1 Kb8 17. Bc4 Nxc4 18. Nxc4 Rhd8 19. O-O Nb4
20. Nd6 Rxc1 21. Rxc1 Nxa2 22. Rd1 Bxb3 23. Rxd4 f6 24. Kf1 Be6 25. h3 a6 26.
exf6 gxf6 27. g4 Kc7 28. Ne4 Rxd4 29. Nxd4 Bc4+ 30. Ke1 Bd5 31. Nxf6 Bg2 32. h4
h6 33. Ng8 Nb4 34. Kd2 Nd5 35. Nxh6 Nf4 36. Nhf5 Nh3 37. Ke3 Bd5 38. f4 b5 39.
h5 b4 40. h6 Bg8 41. g5 Bh7 42. Ne7 1-0

[Event "62. BEM 2008"]
[Site "Dortmund"]
[Date "2008.03.04"]
[Round "8.24"]
[White "Pachura, Karl-Heinz"]
[Black "Schoppe, Hans-Werner"]
[Result "1/2-1/2"]
[WhiteElo "1305"]
[BlackElo "1243"]
[PlyCount "50"]
[EventDate "2008.??.??"]
[Source "SG Dortmund"]
[SourceDate "2004.12.16"]

1. e4 e6 2. d4 d5 3. Nc3 Bb4 4. exd5 exd5 5. Nf3 Bg4 6. Be2 Bxf3 7. Bxf3 c6 8.
Qe2+ Ne7 9. O-O O-O 10. a3 Bd6 11. Bg5 f6 12. Bd2 Qd7 13. Rfe1 Rf7 14. Bh5 g6
15. Bf3 Kg7 16. Qd3 Qc7 17. g3 Nd7 18. Ne2 Nf5 19. Bf4 Re7 20. Bxd6 Qxd6 21.
Nf4 Rae8 22. Rxe7+ Rxe7 23. Bg4 Nh6 24. Bxd7 Qxd7 25. b4 Qf5 1/2-1/2

[Event "62. BEM 2008"]
[Site "Dortmund"]
[Date "2008.03.04"]
[Round "8.25"]
[White "Hast, Stefan"]
[Black "Collisy, Klaus-D"]
[Result "0-1"]
[WhiteElo "1083"]
[BlackElo "1326"]
[PlyCount "46"]
[EventDate "2008.??.??"]
[Source "SG Dortmund"]
[SourceDate "2004.12.16"]

1. e4 e5 2. Nf3 Nc6 3. Bc4 Bc5 4. c3 Nf6 5. d4 exd4 6. cxd4 Bb4+ 7. Bd2 O-O 8.
Bxb4 Nxb4 9. a3 Nc6 10. Qd3 d6 11. Nfd2 Nxe4 12. Bxf7+ Rxf7 13. Nxe4 Bf5 14. d5
Bxe4 15. Qxe4 Re7 16. Qxe7 Qxe7+ 17. Kd1 Re8 18. dxc6 Qe2+ 19. Kc1 Qc4+ 20. Nc3
Qxc6 21. f3 Re2 22. Rg1 Qc5 23. Kd1 Qxg1+ 0-1

[Event "62. BEM 2008"]
[Site "Dortmund"]
[Date "2008.03.04"]
[Round "8.26"]
[White "Strotmann, Dieter"]
[Black "Kiauka, Richard"]
[Result "1-0"]
[WhiteElo "1296"]
[BlackElo "1191"]
[PlyCount "51"]
[EventDate "2008.??.??"]
[Source "SG Dortmund"]
[SourceDate "2004.12.16"]

1. d4 c6 2. e4 d5 3. Nc3 dxe4 4. Nxe4 Nf6 5. Nxf6+ exf6 6. Nf3 Bg4 7. Be2 Bd6
8. O-O O-O 9. h3 Bf5 10. Nh4 Be6 11. c3 Qc8 12. Qc2 f5 13. Bd3 g6 14. Bh6 Rd8
15. c4 Be7 16. Qc3 f6 17. Nf3 g5 18. Rfe1 Kf7 19. Re2 a5 20. a3 Na6 21. Rae1
Nc7 22. Bxf5 Bxf5 23. Rxe7+ Kg6 24. d5 Kxh6 25. Qxf6+ Bg6 26. Qxg5# 1-0

[Event "62. BEM 2008"]
[Site "Dortmund"]
[Date "2008.03.04"]
[Round "8.27"]
[White "Schaefer, Ulrich"]
[Black "Fahle, Karl-Wilhelm"]
[Result "1-0"]
[WhiteElo "1253"]
[BlackElo "1202"]
[PlyCount "75"]
[EventDate "2008.??.??"]
[Source "SG Dortmund"]
[SourceDate "2004.12.16"]

1. e4 e5 2. Nf3 Nf6 3. Nc3 d5 4. exd5 e4 5. Ng5 Bf5 6. Bb5+ c6 7. dxc6 Nxc6 8.
O-O Be7 9. Re1 Bg4 10. Be2 Qd7 11. Ngxe4 Ne5 12. d4 Bxe2 13. Rxe2 Rd8 14. Nxf6+
gxf6 15. Be3 Qc6 16. d5 Qc4 17. h3 Rg8 18. Rd2 Qh4 19. Kf1 Bd6 20. Rd4 Ng4 21.
Rxg4 Rxg4 22. Qxg4 Qxg4 23. hxg4 Be5 24. Rd1 a6 25. Bb6 Rd6 26. Bc7 Rd7 27.
Bxe5 fxe5 28. Re1 f6 29. f4 Re7 30. f5 Kf7 31. Ne4 Rd7 32. c4 b6 33. g5 fxg5
34. g4 Rc7 35. b3 h6 36. Kf2 b5 37. Rc1 Ke7 38. d6+ 1-0

[Event "62. BEM 2008"]
[Site "Dortmund"]
[Date "2008.03.04"]
[Round "8.28"]
[White "Dirks, Rainer"]
[Black "Griese, Andreas"]
[Result "0-1"]
[WhiteElo "1155"]
[BlackElo "1058"]
[PlyCount "64"]
[EventDate "2008.??.??"]
[Source "SG Dortmund"]
[SourceDate "2004.12.16"]

1. e4 d6 2. Nf3 g6 3. Bb5+ Nc6 4. O-O Bg7 5. d4 Bd7 6. a3 Nf6 7. d5 Ne5 8.
Bxd7+ Qxd7 9. Nxe5 dxe5 10. Nc3 O-O 11. Be3 a6 12. Qd2 Rad8 13. h3 c6 14. Qe2
cxd5 15. exd5 Nxd5 16. Rad1 e6 17. Bb6 Rc8 18. Nxd5 exd5 19. c3 Qc6 20. Be3
Rfe8 21. f3 b5 22. Qd2 Rcd8 23. Rc1 Qe6 24. g4 e4 25. Bh6 e3 26. Bxe3 Qxe3+ 27.
Qxe3 Rxe3 28. Kf2 Rde8 29. Rcd1 Re2+ 30. Kg1 Rd8 31. b3 Bxc3 32. Rc1 d4 0-1

[Event "62. BEM 2008"]
[Site "Dortmund"]
[Date "2008.03.06"]
[Round "9.1"]
[White "Borjini, Mohamed"]
[Black "Begna, Bozidar"]
[Result "0-1"]
[WhiteElo "1933"]
[BlackElo "1955"]
[Annotator "P. Schulenburg"]
[PlyCount "114"]
[EventDate "2008.??.??"]
[Source "SG Dortmund"]
[SourceDate "2004.12.16"]

1. e4 d6 2. d4 Nf6 3. Nc3 e5 4. Nge2 Be7 5. f3 c6 6. Be3 Nbd7 7. Qd2 b5 8. g4
Nb6 9. Ng3 Qc7 10. dxe5 dxe5 11. g5 Nfd7 12. Nf5 Bf8 13. O-O-O b4 14. Nb1 Bb7
15. Qf2 c5 16. Bb5 a6 17. Bxd7+ Nxd7 18. Nd2 c4 19. Qe2 Rc8 20. b3 cxb3 21.
Nxb3 a5 22. Kb1 a4 23. Na1 g6 24. Ng3 Bc5 25. Bxc5 Qxc5 26. Qd3 Nb6 27. Qd6
Qxd6 28. Rxd6 Nc4 29. Rd3 Ke7 30. Rhd1 Rhd8 31. Rxd8 Rxd8 32. Rxd8 Kxd8 33. Nf1
{(=)} 33... Bc8 34. Kc1 Bh3 35. Nd2 Ne3 36. Kb2 Nd1+ 37. Kc1 Ne3 38. Kb2 Ke7
39. a3 bxa3+ 40. Kxa3 Bd7 41. Kb4 f5 42. Kc5 Be6 43. c4 Kd7 44. Kb5 Kc7 45. c5
$2 (45. Kxa4 Nxc4 (45... Bxc4 46. Nc2 f4 47. Nxc4 Nxc4 48. Kb5 Nd2 49. Ne1 Kd6
50. h4 $11) 46. Nxc4 Bxc4 47. Nb3 Kd6 48. Kb4 Be2 49. Nd2 $11) 45... Bd7+ 46.
Kb4 Kc6 47. Nc4 Nxc4 48. Kxc4 fxe4 49. fxe4 Bg4 50. Nc2 Be2+ 51. Kb4 Bd3 52.
Na3 Bxe4 53. Nc4 Kd5 54. Nb6+ Kd4 55. Nxa4 Bc6 56. Nc3 e4 57. h4 Kd3 0-1

[Event "62. BEM 2008"]
[Site "Dortmund"]
[Date "2008.03.06"]
[Round "9.2"]
[White "Gitschel, Ralf"]
[Black "Lindam, Ingo"]
[Result "1-0"]
[WhiteElo "1914"]
[BlackElo "2070"]
[PlyCount "79"]
[EventDate "2008.??.??"]
[Source "SG Dortmund"]
[SourceDate "2004.12.16"]

1. e4 d5 2. exd5 Nf6 3. d4 Bg4 4. f3 Bf5 5. g4 Bg6 6. c4 e6 7. g5 Nh5 8. Nc3 h6
9. h4 Bd6 10. Nge2 Qe7 11. Kf2 Nd7 12. Bh3 c6 13. Re1 cxd5 14. cxd5 O-O 15. Qb3
e5 16. f4 exd4 17. Nxd4 Nc5 18. Rxe7 Nxb3 19. Nxb3 Bxe7 20. f5 Bd6 21. fxg6
fxg6+ 22. Kg1 Nf4 23. Bf1 Rae8 24. Bd2 a6 25. Re1 Rxe1 26. Bxe1 hxg5 27. Ne4
Re8 28. Nbd2 b5 29. Bf2 Be5 30. d6 Rd8 31. a4 bxa4 32. Nc4 Bxb2 33. Nxb2 a3 34.
Na4 gxh4 35. Bxh4 Rd7 36. Bc4+ Kh7 37. Nb6 Rb7 38. d7 Rxb6 39. d8=Q Rb1+ 40.
Kf2 {und Schwarz ueberschritt die Zeit ...} 1-0

[Event "62. BEM 2008"]
[Site "Dortmund"]
[Date "2008.03.06"]
[Round "9.3"]
[White "Zelt, Jens"]
[Black "Werner, Patrick"]
[Result "1/2-1/2"]
[WhiteElo "1982"]
[BlackElo "1692"]
[PlyCount "100"]
[EventDate "2008.??.??"]
[Source "SG Dortmund"]
[SourceDate "2004.12.16"]

1. e4 c5 2. c3 g6 3. g3 Bg7 4. Bg2 Nc6 5. Ne2 e6 6. O-O Nge7 7. d3 O-O 8. Nd2
b5 9. a4 b4 10. f4 Rb8 11. Nf3 d6 12. Kh1 Ba6 13. Qc2 bxc3 14. bxc3 Nb4 15.
cxb4 Bxa1 16. b5 Bb7 17. Nc3 Qc7 18. Bd2 Bxc3 19. Bxc3 f6 20. d4 d5 21. Qa2 c4
22. e5 fxe5 23. Nxe5 a6 24. Bh3 Nf5 25. Bxf5 exf5 26. Bb4 Rfe8 27. Qa3 Re6 28.
Bc5 axb5 29. axb5 Ra8 30. b6 Qg7 31. Qf3 Ra5 32. Kg1 Re8 33. Qc3 Rea8 34. Re1
Qf6 35. Bb4 Ra2 36. Bc5 R2a5 37. Qb2 Re8 38. Qb4 Raa8 39. Rf1 Ra2 40. Qb5 Qe6
41. Qb4 Rea8 42. Re1 R2a4 43. Qc3 Qf6 44. Nf3 R4a5 45. Re5 Ra1+ 46. Kg2 R1a2+
47. Kg1 Ra1+ 48. Kg2 R1a2+ 49. Kg1 Ra1+ 50. Kg2 R8a2+ 1/2-1/2

[Event "62. BEM 2008"]
[Site "Dortmund"]
[Date "2008.03.06"]
[Round "9.4"]
[White "Salifoski, Ramazan"]
[Black "Kropp, Andreas"]
[Result "0-1"]
[WhiteElo "1625"]
[BlackElo "1918"]
[PlyCount "64"]
[EventDate "2008.??.??"]
[Source "SG Dortmund"]
[SourceDate "2004.12.16"]

1. e4 c5 2. Nf3 e6 3. d4 cxd4 4. Nxd4 Nf6 5. Bg5 Be7 6. Nc3 a6 7. Be2 d6 8. O-O
O-O 9. Qd2 b5 10. Bf3 Ra7 11. Be3 Rc7 12. a3 Nbd7 13. Rad1 Bb7 14. Nde2 Qa8 15.
Ng3 Ne5 16. Qe2 Nc4 17. Bc1 Nxa3 18. bxa3 Rxc3 19. Bb2 Rc4 20. Bxf6 Bxf6 21.
Rxd6 Rfc8 22. Rb6 Rxc2 23. Qd3 R2c3 24. Qd6 Rd8 25. Qb4 Rc4 26. Qb3 Bd4 27.
Rxb7 Qxb7 28. Rb1 Qc7 29. Ne2 Bb6 30. g3 Qc5 31. Rf1 Rd2 32. Bg4 Rcc2 0-1

[Event "62. BEM 2008"]
[Site "Dortmund"]
[Date "2008.03.06"]
[Round "9.5"]
[White "Grube, Jörg"]
[Black "Büchle, Manfred"]
[Result "1-0"]
[WhiteElo "1747"]
[BlackElo "1858"]
[PlyCount "87"]
[EventDate "2008.??.??"]
[Source "SG Dortmund"]
[SourceDate "2004.12.16"]

1. e4 c5 2. Nf3 Nc6 3. d4 cxd4 4. Nxd4 Nf6 5. Nc3 d6 6. Be2 e6 7. O-O Be7 8.
Be3 a6 9. a4 Qc7 10. Kh1 O-O 11. f4 Bd7 12. Nb3 Na5 13. Nd2 Nc6 14. Nc4 d5 15.
Nb6 dxe4 16. Nxa8 Rxa8 17. g4 Nb4 18. g5 Nfd5 19. Nxd5 Nxd5 20. Qd2 Nxe3 21.
Qxe3 Bc5 22. Qg3 Bc6 23. b3 Qb6 24. Rad1 Re8 (24... e3+ $1 25. Kg1 Be4 $17) 25.
h4 g6 26. Kh2 Qc7 27. c3 a5 28. Qe1 Bd6 29. Qd2 Rd8 30. Qe3 Qe7 31. Bb5 h6 32.
Bxc6 bxc6 33. Kg2 Rb8 34. Qxe4 Rxb3 35. Qxc6 Rb2+ 36. Kf3 Ba3 37. Qc8+ Kg7 38.
Rd8 Qb7+ 39. Qxb7 Rxb7 40. Ke4 Rc7 41. Rb1 Rc4+ 42. Kd3 Rxf4 43. Rbb8 hxg5 44.
hxg5 1-0

[Event "62. BEM 2008"]
[Site "Dortmund"]
[Date "2008.03.06"]
[Round "9.6"]
[White "Gorzinski, Dariusz"]
[Black "Reschop, Romano"]
[Result "1-0"]
[WhiteElo "1841"]
[BlackElo "1670"]
[PlyCount "87"]
[EventDate "2008.??.??"]
[Source "SG Dortmund"]
[SourceDate "2004.12.16"]

1. e4 e5 2. Nf3 Nc6 3. Bb5 a6 4. Ba4 Nf6 5. O-O Be7 6. Qe2 b5 7. Bb3 O-O 8. c3
d5 9. exd5 Nxd5 10. Nxe5 Nxe5 11. Qxe5 Bb7 12. Bxd5 Bxd5 13. d4 Bd6 14. Qg5 Qd7
15. Bf4 Bxf4 16. Qxf4 Rae8 17. Nd2 Re6 18. f3 Rfe8 19. b3 Rf6 20. Qh4 Rh6 21.
Qf2 Qf5 22. c4 Bb7 23. Rfe1 Rhe6 24. d5 Re5 25. Ne4 Qg6 26. Nc5 Bc8 27. Rxe5
Rxe5 28. Re1 Qd6 29. Nd3 Rxe1+ 30. Qxe1 Kf8 31. Qb4 Ke7 32. Kf2 Bf5 33. Ke3
bxc4 34. bxc4 Kd8 35. Qxd6+ cxd6 36. Nb4 Bb1 37. a3 a5 38. Nc6+ Kc7 39. Nxa5
Kb6 40. Nb3 Ba2 41. Nd2 Kc5 42. Kd3 f5 43. Kc3 g6 44. Nb3+ 1-0

[Event "62. BEM 2008"]
[Site "Dortmund"]
[Date "2008.03.06"]
[Round "9.7"]
[White "Schultz, Bernfried"]
[Black "Raskin, Vitali"]
[Result "1-0"]
[WhiteElo "1668"]
[BlackElo "1634"]
[PlyCount "83"]
[EventDate "2008.??.??"]
[Source "SG Dortmund"]
[SourceDate "2004.12.16"]

1. e4 e5 2. Nf3 Nc6 3. d4 exd4 4. Nxd4 Bc5 5. Be3 Qf6 6. c3 Nge7 7. Be2 O-O 8.
O-O d5 9. Nxc6 Bxe3 10. Nxe7+ Qxe7 11. fxe3 Qxe4 12. Qd4 Qxd4 13. exd4 Re8 14.
Bf3 c6 15. Nd2 g6 16. Rae1 Bf5 17. Rxe8+ Rxe8 18. Kf2 Be4 19. Re1 f5 20. c4 Kf7
21. cxd5 cxd5 22. Rc1 Re7 23. Rc8 b6 24. Nf1 Ke6 25. Ne3 Kd7 26. Rc3 Kd6 27. h3
Rf7 28. Nd1 Rf8 29. Ne3 Rf7 30. Bd1 b5 31. Rc5 a6 32. Bb3 f4 33. Nxd5 Rf5 34.
Nc3 Bd3 35. Rxf5 Bxf5 36. Bg8 g5 37. a3 h6 38. b4 Bd3 39. Bf7 Bc2 40. Bh5 Bf5
41. Bf3 Bd3 42. Bb7 1-0

[Event "62. BEM 2008"]
[Site "Dortmund"]
[Date "2008.03.06"]
[Round "9.8"]
[White "Ziperstein, Jakob"]
[Black "Barskij, Aleksandr"]
[Result "1/2-1/2"]
[WhiteElo "1851"]
[BlackElo "1874"]
[PlyCount "120"]
[EventDate "2008.??.??"]
[Source "SG Dortmund"]
[SourceDate "2004.12.16"]

1. e4 c5 2. Nf3 d6 3. d4 cxd4 4. Nxd4 Nf6 5. Nc3 Nc6 6. Bg5 e6 7. Qd2 a6 8. Be2
h6 9. Be3 Be7 10. O-O Bd7 11. Rad1 Nxd4 12. Bxd4 Bc6 13. Qe3 b5 14. e5 dxe5 15.
Bxe5 Qc8 16. a3 O-O 17. Qg3 Qb7 18. Rd4 Ne8 19. Bf4 Kh8 20. Qh3 f5 21. Rfd1 Bf6
22. R4d3 e5 23. Bc1 f4 24. Nd5 e4 25. R3d2 Bg5 26. Bg4 f3 27. Ne3 Nf6 28. Rd6
Bf4 29. Nf5 Bxd6 30. Rxd6 e3 31. Bxe3 Be4 32. Bxf3 Bxf3 33. gxf3 Qf7 34. Bc5
Qg6+ 35. Ng3 Rfd8 36. Qe6 Rxd6 37. Qxd6 Qxc2 38. Be3 Qb1+ 39. Kg2 Qg6 40. Qc6
Re8 41. Bd4 Rf8 42. Qxa6 Qf7 43. Qa7 Qd5 44. Qe7 Rf7 45. Qc5 Qxc5 46. Bxc5 Rc7
47. Bd4 Rc2 48. Nf5 Nd5 49. f4 Nxf4+ 50. Kf3 Ne6 51. Bc3 Kg8 52. Nd6 Nc7 53.
Ba5 b4 54. Bxb4 Rxb2 55. Nc4 Rc2 56. Ne3 Ra2 57. Nf5 Nb5 58. Nd6 Nxd6 59. Bxd6
Kf7 60. Bc5 g6 {nebst Remisschluss nach einigen Zuegen ...} 1/2-1/2

[Event "62. BEM 2008"]
[Site "Dortmund"]
[Date "2008.03.06"]
[Round "9.9"]
[White "Lauche, Christoph"]
[Black "Duschek, Günter"]
[Result "1-0"]
[WhiteElo "1834"]
[BlackElo "1658"]
[PlyCount "105"]
[EventDate "2008.??.??"]
[Source "SG Dortmund"]
[SourceDate "2004.12.16"]

1. d4 d5 2. Nf3 Nf6 3. e3 Bg4 4. c4 e6 5. Qb3 Bxf3 6. Qxb7 Nbd7 7. gxf3 Rb8 8.
Qxa7 Ra8 9. Qb7 Rb8 10. Qc6 Rb6 11. Qa4 Bb4+ 12. Nc3 dxc4 13. Bxc4 O-O 14. a3
Bxc3+ 15. bxc3 Qb8 16. Qc2 Qb7 17. e4 c5 18. O-O cxd4 19. cxd4 Rc8 20. Qe2 Qc6
21. Ba2 Qc3 22. Be3 Rb2 23. Qd1 Rc2 24. Rc1 Qb2 25. Rxc2 Rxc2 26. Bb1 Rc7 27.
Qd3 Ra7 28. Bc1 Qb8 29. e5 Ra5 30. exf6 Nxf6 31. f4 Rh5 32. f3 Qb7 33. Bc2 g6
34. Rf2 Nd5 35. Qb3 Qe7 36. Be4 Nf6 37. a4 Kg7 38. Bb2 Qc7 39. Qe3 Qb6 40. Re2
Qb4 41. Qa3 Qb8 42. Qe3 Qa7 43. Bc6 Nd5 44. Bxd5 exd5 45. Qe8 Qb6 46. Ba3 Qxd4+
47. Kg2 Qxf4 48. Bf8+ Kf6 49. Qc6+ (49. Be7+ $1 Kg7 (49... Kf5 50. Qxf7# (50.
Qd7#)) 50. Qf8#) 49... Kg5 50. Qxd5+ Kh4 51. Be7+ f6 52. Bxf6+ g5 53. Re4 1-0

[Event "62. BEM 2008"]
[Site "Dortmund"]
[Date "2008.03.06"]
[Round "9.10"]
[White "Hoppe, Dirk"]
[Black "Warsitz, Andreas"]
[Result "1-0"]
[WhiteElo "1779"]
[BlackElo "1558"]
[PlyCount "37"]
[EventDate "2008.??.??"]
[Source "SG Dortmund"]
[SourceDate "2004.12.16"]

1. e4 d5 2. exd5 Nf6 3. d4 Nxd5 4. Nf3 Bg4 5. h3 Bh5 6. g4 Bg6 7. h4 Be4 8.
Nbd2 Bxf3 9. Nxf3 e6 10. a3 Nd7 11. Bd3 c6 12. Qe2 h6 13. c4 Ne7 14. Bd2 Qb6
15. Bc3 O-O-O 16. O-O-O Ng8 17. g5 Kb8 18. Kb1 Bxa3 19. c5 1-0